| 000 | 00429nam a22001577a 4500 | ||
|---|---|---|---|
| 003 | macl | ||
| 005 | 20230303155727.0 | ||
| 008 | 230303b |||||||| |||| 00| 0 eng d | ||
| 040 | _cmacl | ||
| 082 | _a294/MIS | ||
| 100 |
_aBirendra Prasad Mishra _981803 |
||
| 245 |
_aDharma in the Hindu Ethics _bWith special Reference to the Mahabhrata |
||
| 260 |
_aDelhi _bAdroit Publishers _c2019 |
||
| 650 | _aReligions | ||
| 942 |
_2ddc _cBK |
||
| 999 |
_c65968 _d65968 |
||